Pôsobenie ČĽR v zoskupení BRICS diplomová práca
Guardado en:
| Autor principal: | |
|---|---|
| Autor Corporativo: | |
| Otros Autores: | |
| Formato: | Libro |
| Lenguaje: | eslovaco |
| Publicado: |
Bratislava
2017
|
| Etiquetas: |
Sin Etiquetas, Sea el primero en etiquetar este registro!
|
MARC
| LEADER | 00000nbm a2200000 4500 | ||
|---|---|---|---|
| 001 | 0232046 | ||
| 005 | 20180223121608.7 | ||
| 041 | 0 | |a slo | |
| 044 | |a SK | ||
| 245 | 1 | 0 | |a Pôsobenie ČĽR v zoskupení BRICS |b diplomová práca |c Michaela Žatkovičová ; školiteľ: František Škvrnda |
| 264 | 1 | |a Bratislava |c 2017 | |
| 300 | |a 77 s. | ||
| 100 | 1 | |a Žatkovičová, Michaela | |
| 700 | 1 | |a Škvrnda, František | |
| 710 | 2 | |a Fakulta medzinárodných vzťahov EU. Katedra medzinárodných politických vzťahov | |